Metodología moderna de la enseñanza de idiomas extranjeros con especial referencia al inglés
Spremljeno u:
| Glavni autor: | |
|---|---|
| Format: | Knjiga |
| Jezik: | španjolski |
| Izdano: |
Santiago
Universitaria
1973
|
| Teme: | |
| Oznake: |
Dodaj oznaku
Bez oznaka, Budi prvi tko označuje ovaj zapis!
|
MARC
| LEADER | 00000nam a2200000 a 4500 | ||
|---|---|---|---|
| 001 | UCQ7919 | ||
| 003 | CL-VaPUC | ||
| 008 | 981121e19730000CL |||||||||||||||||spa|d | ||
| 082 | 0 | 4 | |a 372.65 |b MIQ |2 21 |
| 100 | |a Miquel Steeger, Lydia A. |e autora |9 339331 | ||
| 245 | 1 | 0 | |a Metodología moderna de la enseñanza de idiomas extranjeros con especial referencia al inglés |
| 300 | |a 244 p | ||
| 942 | |c BK | ||
| 945 | |d 19981121 00:00:00 |a crobeson | ||
| 260 | |a Santiago |b Universitaria |c 1973 | ||
| 650 | 0 | |a Enseñanza de idiomas |9 339820 | |
| 650 | 0 | |a Educación lingüística |9 306506 | |
| 650 | 0 | |a Métodos de enseñanza |9 270413 | |
| 650 | 0 | |a Inglés |9 260023 | |
| 650 | 0 | |a Lenguas extranjeras |9 343620 | |
| 583 | |a last modification |c 19981121 00:00:00 |k Rodrigo Vera | ||
| 999 | |c 277294 |d 277292 | ||
| 952 | |0 0 |1 0 |4 0 |6 372_650000000000000_MIQ_1973 |7 0 |8 A |9 315179 |a FDOPOS |b FDOPOS |d 2019-11-20 |i 1493884 |o 372.65 MIQ 1973 |p 1493884 |r 2025-01-22 |w 2019-11-20 |y BK |k MLA | ||